Größte Fußballstadien in Spanien - Statistiken

Allgemein
  • Dieses Quiz wurde 73 mal gespielt
  • Das Durchschnittsergebnis liegt bei 3 aus 20
Antwortstatistiken
Kapazität Stadion % Korrekt
99,354 Camp Nou
93%
85,000 Santiago Bernabéu
91%
70,460 Metropolitano
51%
49,430 Mestalla
30%
53,331 San Mamés
22%
60,379 Benito Villamarín
15%
42,714 Ramón Sánchez Pizjuán
15%
39,313 Anoeta
4%
55,926 Lluís Companys
4%
29,000 Balaídos
1%
29,371 El Molinón
1%
57,619 La Cartuja
1%
30,500 Carlos Tartiere
0%
40,000 Cornellà-El Prat
0%
32,400 Gran Canaria
0%
33,608 La Romadera
0%
30,044 La Rosaleda
0%
31,388 Martinez Valero
0%
31,179 Nueva Condomina
0%
32,660 Riazor
0%
Keine übereinstimmenden Quizze gefunden
Verteilung der Resultate
Anzahl Personen mit jedem Resultat
Perzentil nach korrekt beantworteten Fragen
Ihre Resultats-Entwicklung
Sie haben dieses Quiz noch nicht gespielt